[Event "Agarr's Free for All 4"]
[Site "SchemingMind.com"]
[Date "2009.04.23"]
[Round "-"]
[White "MazetaFighter"]
[Black "maro"]
[Result "1-0"]
[WhiteCountry "GRE"]
[BlackCountry "MEX"]
[WhiteElo "2012"]
[WhiteRD "79"]
[BlackElo "1353"]
[BlackRD "49"]
[GameID "201757"]

1. e4 e5 2. Nf3 Nc6 3. Bb5 Nge7 4. Nc3 a6 5. Bc4 Na5 6. Nxe5 Nxc4 7. Nxc4 d5 8. Nxd5 Nxd5 9. exd5 Qxd5 10. Ne3 Qe5
11. O-O Bd6 12. g3 Bh3 13. Re1 Qf6 14. Nd5+ Qe7 15. Nxe7
1-0

[Event "Agarr's Free for All 4"]
[Site "SchemingMind.com"]
[Date "2009.04.24"]
[Round "-"]
[White "lemmie"]
[Black "jtrochez1"]
[Result "1-0"]
[WhiteCountry "NED"]
[BlackCountry "HON"]
[WhiteElo "1701"]
[WhiteRD "52"]
[BlackElo "1534"]
[BlackRD "51"]
[GameID "201790"]

1. e4 e5 2. Nf3 d6 3. Bc4 h6 4. h3 Nf6 5. Nc3 c6 6. a3 Be6 7. Bxe6 fxe6 8. d4 Nbd7 9. dxe5 dxe5 10. O-O Be7
11. Be3 O-O 12. Qe2 Qc7 13. Rfd1 Nh7 14. Rd2 Bf6 15. Rad1 Rad8 16. Qc4 Rfe8 17. Bxa7 b6 18. Nb5 Qb7 19. Nd6 Qxa7 20. Nxe8 Rxe8
21. Rxd7 Qa8 22. R7d6 b5 23. Qxc6 Qxc6 24. Rxc6 Ng5 25. Nxg5 Bxg5 26. f3 Be3+ 27. Kf1 Bf4 28. b3 Bg3 29. Rdd6 Kf7 30. Rb6 Rc8
31. Rbc6 Rxc6 32. Rxc6
1-0

[Event "Agarr's Free for All 4"]
[Site "SchemingMind.com"]
[Date "2009.04.24"]
[Round "-"]
[White "lemmie"]
[Black "agarr"]
[Result "0-1"]
[WhiteCountry "NED"]
[BlackCountry "RUS"]
[WhiteElo "1701"]
[WhiteRD "52"]
[BlackElo "1681"]
[BlackRD "75"]
[GameID "201791"]

1. e4 e5 2. Nf3 Nc6 3. Bc4 Bc5 4. c3 Nf6 5. d4 exd4 6. cxd4 Bb4+ 7. Bd2 Bxd2+ 8. Nbxd2 O-O 9. O-O d6 10. d5 Ne5
11. Nxe5 dxe5 12. Re1 Bg4 13. f3 Bh5 14. Qb3 b6 15. a3 a6 16. g4 Bg6 17. Rad1 h5 18. h3 hxg4 19. hxg4 Nh7 20. Nf1 Qh4
21. Re2 Qf6 22. Rh2 b5 23. Be2 Ng5 24. Ng3 Qf4 25. Kg2 Rad8 26. Rdh1 Bh7 27. Nf5 g6 28. Ne7+ Kg7 29. Nc6 Rde8 30. Nb4 f5
31. gxf5 gxf5 32. Nxa6 fxe4 33. Rh4 exf3+ 34. Bxf3 Qd2+
0-1

[Event "Agarr's Free for All 4"]
[Site "SchemingMind.com"]
[Date "2009.04.25"]
[Round "-"]
[White "lemmie"]
[Black "lucho-sc"]
[Result "1-0"]
[WhiteCountry "NED"]
[BlackCountry "URU"]
[WhiteElo "1701"]
[WhiteRD "52"]
[BlackElo "1035"]
[BlackRD "76"]
[GameID "201792"]

1. e4 e5 2. Nf3 Nf6 3. Nc3 d6 4. Bc4 Bg4 5. h3 Bh5 6. g4 Bg6 7. d3 Nc6 8. Bd2 Nd4 9. Be3 c5 10. Ng5 Be7
11. Nxf7 Bxf7 12. Bxf7+ Kxf7 13. Nd5 Nxd5 14. exd5 Bh4 15. c3 Qa5 16. O-O Ke7 17. cxd4 cxd4 18. Bd2 Qb6 19. b3
1-0

[Event "Agarr's Free for All 4"]
[Site "SchemingMind.com"]
[Date "2009.04.24"]
[Round "-"]
[White "lemmie"]
[Black "maro"]
[Result "1-0"]
[WhiteCountry "NED"]
[BlackCountry "MEX"]
[WhiteElo "1754"]
[WhiteRD "52"]
[BlackElo "1353"]
[BlackRD "49"]
[GameID "201793"]

1. e4 e5 2. Nf3 Nc6 3. Bc4 Nh6 4. d3 Bc5 5. Nc3 Ng4 6. O-O Nd4 7. h3 Nxf2 8. Rxf2 d6 9. Be3 Nxf3+ 10. Qxf3 f6
11. Bxc5 dxc5 12. Qg3 g5 13. Qf3 Rf8 14. Qh5+ Ke7 15. Qxh7+ Kd6 16. Nb5+ Kc6 17. a4 a6 18. Nc3 Rh8 19. Qg7 Rh4 20. Rxf6+ Be6
21. Rxe6+ Qd6 22. Rxd6+ Kxd6 23. Qxg5 Rhh8 24. Qf6+
1-0

[Event "Agarr's Free for All 4"]
[Site "SchemingMind.com"]
[Date "2009.04.24"]
[Round "-"]
[White "lemmie"]
[Black "R.Leydon"]
[Result "0-1"]
[WhiteCountry "NED"]
[BlackCountry "IRL"]
[WhiteElo "1701"]
[WhiteRD "52"]
[BlackElo "1448"]
[BlackRD "71"]
[GameID "201794"]

1. e4 e5 2. Nf3 d6 3. Bc4 Nf6 4. h3 Nxe4 5. d3 Nf6 6. Bg5 Qe7 7. Nc3 h6 8. Be3 c6 9. a3 d5 10. Ba2 d4
11. Bd2 dxc3 12. Bxc3 e4 13. dxe4 Qxe4+ 14. Kf1 Bc5 15. Qd2 O-O 16. Re1 Qf5 17. Re5 Ne4 18. Qe2 Qg6 19. Nh4 Qd6 20. Nf5 Nxc3
21. bxc3 Bxf5 22. Rxf5 Na6 23. Qf3 Rad8 24. Kg1 Bxa3 25. g3 Bb2 26. Bxf7+ Kh8 27. Kh2 Qe7 28. c4 Nb4 29. Rb1 Nxc2 30. Bg6 Nd4
31. Rxf8+ Rxf8 32. Re1 Nxf3+
0-1

[Event "Agarr's Free for All 4"]
[Site "SchemingMind.com"]
[Date "2009.04.24"]
[Round "-"]
[White "lemmie"]
[Black "MazetaFighter"]
[Result "0-1"]
[WhiteCountry "NED"]
[BlackCountry "GRE"]
[WhiteElo "1701"]
[WhiteRD "52"]
[BlackElo "2036"]
[BlackRD "70"]
[GameID "201795"]

1. e4 e5 2. Nf3 Nc6 3. Bc4 Nf6 4. Ng5 d5 5. exd5 Na5 6. Bb5+ c6 7. dxc6 bxc6 8. Be2 h6 9. Nf3 e4 10. Ne5 Bd6
11. d4 exd3 12. Nxd3 Qc7 13. b3 O-O 14. Bb2 Bf5 15. h3 Rad8 16. Nd2 c5 17. O-O c4 18. Ne1 c3 19. Bxc3 Qxc3 20. Bd3 Bxd3
21. Nxd3 Rfe8 22. Rc1 Ne4 23. Nxe4 Rxe4 24. f3 Ree8 25. Kh1 Bc7 26. f4 Nc6 27. Qf3 Bb6 28. Ne5 Qxf3 29. Nxf3 Nd4 30. Nxd4 Rxd4
31. f5 Re2 32. a4 Rdd2
0-1

[Event "Agarr's Free for All 4"]
[Site "SchemingMind.com"]
[Date "2009.04.24"]
[Round "-"]
[White "lemmie"]
[Black "Darnell"]
[Result "1-0"]
[WhiteCountry "NED"]
[BlackCountry "CAN"]
[WhiteElo "1673"]
[WhiteRD "53"]
[BlackElo "1400"]
[BlackRD "71"]
[GameID "201796"]

1. e4 d5 2. exd5 Nf6 3. d4 Nxd5 4. Nf3 g6 5. c4 Nb6 6. c5 Nd5 7. Bc4 Bg7 8. Nc3 c6 9. h3 O-O 10. O-O b5
11. Bb3 Re8 12. Re1 Be6 13. a3 Nxc3 14. bxc3 Bxb3 15. Qxb3 Qd5 16. Qc2 Nd7 17. Bg5 e5 18. Rad1 e4 19. Ne5 Nxe5 20. dxe5 Qxc5
21. Bf6
1-0

[Event "Agarr's Free for All 4"]
[Site "SchemingMind.com"]
[Date "2009.04.24"]
[Round "-"]
[White "jtrochez1"]
[Black "lemmie"]
[Result "0-1"]
[WhiteCountry "HON"]
[BlackCountry "NED"]
[WhiteElo "1601"]
[WhiteRD "55"]
[BlackElo "1596"]
[BlackRD "50"]
[GameID "201797"]

1. e4 e5 2. Bc4 Nf6 3. d3 Nc6 4. Nc3 Bb4 5. Nf3 h6 6. Bd2 a5 7. a3 Be7 8. Nd5 O-O 9. h3 d6 10. c3 b6
11. Nxe7+ Nxe7 12. O-O Ng6 13. Qc1 Kh7 14. Be3 Nh5 15. d4 Qf6 16. Be2 Nhf4 17. Bxf4 Nxf4 18. dxe5 dxe5 19. Re1 Qg6 20. Bf1 Bb7
21. Nxe5 Qg5 22. Nf3 Qg6 23. Kh2 Ne6 24. Bd3 Kh8 25. Ne5 Qg5 26. Qxg5 Nxg5 27. f4 Ne6 28. f5 Nc5 29. Bc2 Rae8 30. b4 axb4
31. cxb4 Rxe5 32. bxc5 Rxc5 33. Bb1 Re5 34. Bd3 Rfe8 35. Rac1 R8e7 36. Bb1 c5 37. Re3 Bxe4 38. Bxe4 Rxe4 39. Rxe4 Rxe4 40. g4 Ra4
41. Rc3 Kg8 42. Kg3 Kf8 43. Kf3 Ke7 44. Ke3 Kd6 45. Rb3 b5 46. Kd2 Kc6 47. Re3 Ra7 48. Kc2 c4 49. Kb2 Kd5 50. h4 Kd4
51. Rg3 Ra4 52. g5 b4 53. axb4 Rxb4+ 54. Kc2 Ke5 55. gxh6 gxh6 56. Rf3 f6 57. Kd2 Ke4 58. Rf1 Rb3 59. Kc2 Rh3 60. h5 Kd5
61. Rd1+ Kc5 62. Rd8 Rxh5 63. Rc8+ Kd4 64. Rd8+ Ke4 65. Kc3 Kxf5 66. Kxc4 Rh4+ 67. Kd3 h5 68. Rd5+ Kg6 69. Rd6 Rf4 70. Ke3 Kg5
71. Rd5+ f5
0-1

[Event "Agarr's Free for All 4"]
[Site "SchemingMind.com"]
[Date "2009.04.24"]
[Round "-"]
[White "agarr"]
[Black "lemmie"]
[Result "0-1"]
[WhiteCountry "RUS"]
[BlackCountry "NED"]
[WhiteElo "1681"]
[WhiteRD "75"]
[BlackElo "1701"]
[BlackRD "52"]
[GameID "201798"]

1. e4 e5 2. Nf3 Nc6 3. Bc4 Bc5 4. c3 Nf6 5. d4 exd4 6. cxd4 Bb4+ 7. Nc3 Nxe4 8. O-O Nxc3 9. bxc3 Bxc3 10. Ba3 d6
11. Bxf7+ Kf8 12. Rc1 Ba5 13. Bd5 Bd7 14. Be4 Qf6 15. Qa4 Bb6 16. Qc4 Rb8 17. Ne5 Nxe5 18. dxe5 Qxe5 19. Rfe1 Qf6 20. Rc2 Be6
21. Bd5 Bxd5 22. Qxd5 Re8 23. Rxe8+ Kxe8 24. Re2+ Kd7 25. Bb2 Qg6 26. g3 c6 27. Qf3 Re8 28. Rxe8 Kxe8 29. Qc3 Qf7 30. Qd3 Qxf2+
0-1

[Event "Agarr's Free for All 4"]
[Site "SchemingMind.com"]
[Date "2009.04.25"]
[Round "-"]
[White "lucho-sc"]
[Black "lemmie"]
[Result "0-1"]
[WhiteCountry "URU"]
[BlackCountry "NED"]
[WhiteElo "1035"]
[WhiteRD "76"]
[BlackElo "1701"]
[BlackRD "52"]
[GameID "201799"]

1. e4 e5 2. Nf3 Nc6 3. Bb5 a6 4. Bxc6 dxc6 5. c3 Bd6 6. d4 exd4 7. Qxd4 f6 8. Bg5 c5 9. Qa4+ Bd7 10. Qb3 fxg5
11. O-O Nh6 12. Nbd2 Ng4 13. Rfe1 c6 14. Nc4 Be6 15. Rad1 Bxh2+ 16. Nxh2 Qc7 17. Nxg4 Bxg4 18. Nd6+ Ke7
0-1

[Event "Agarr's Free for All 4"]
[Site "SchemingMind.com"]
[Date "2009.04.24"]
[Round "-"]
[White "maro"]
[Black "lemmie"]
[Result "0-1"]
[WhiteCountry "MEX"]
[BlackCountry "NED"]
[WhiteElo "1353"]
[WhiteRD "49"]
[BlackElo "1754"]
[BlackRD "52"]
[GameID "201800"]

1. d4 d5 2. Nc3 Nf6 3. Bf4 e6 4. e3 c5 5. dxc5 Bxc5 6. Na4 Qa5+ 7. c3 Be7 8. b4 Qd8 9. Be2 a6 10. Nf3 Bd7
11. Ne5 O-O 12. O-O Nc6 13. Nxc6 Bxc6 14. b5 axb5 15. Nb6 Qxb6 16. Qb1 Ne4 17. Qb2 Ba3 18. Qc2 h6 19. Rab1 Ra5 20. Rfd1 Rfa8
21. c4 dxc4 22. Bf3 Nf6 23. Be5 Bxf3 24. gxf3 Be7 25. Bd4 Qc6 26. e4 Rxa2 27. Rb2 Rxb2 28. Qxb2 b6 29. Be3 Ba3 30. Qa2 Bc5
31. Qd2 Bxe3 32. Qxe3 b4 33. e5 Nd5 34. Qe4 Ne7
0-1

[Event "Agarr's Free for All 4"]
[Site "SchemingMind.com"]
[Date "2009.04.24"]
[Round "-"]
[White "R.Leydon"]
[Black "lemmie"]
[Result "0-1"]
[WhiteCountry "IRL"]
[BlackCountry "NED"]
[WhiteElo "1448"]
[WhiteRD "71"]
[BlackElo "1701"]
[BlackRD "52"]
[GameID "201801"]

1. e4 e5 2. Bc4 Nf6 3. d4 Nxe4 4. Qf3 Nf6 5. dxe5 Qe7 6. Qe2 Ng8 7. Nf3 Nc6 8. O-O d6 9. Bf4 dxe5 10. Bxe5 Bg4
11. Qe4 Bxf3 12. gxf3 Nxe5 13. Na3 Nf6 14. Qxb7 Rd8 15. Rfe1 Qc5 16. f4 Ng4 17. Qg2 Bd6 18. fxe5 Nxe5 19. Qxg7 Kd7 20. Bxf7 Nf3+
21. Kg2 Nxe1+ 22. Rxe1 Kc8 23. c4 Bxh2 24. Be6+ Kb8 25. Nb5 Rhf8 26. Bf7 a6 27. Nd4 Qxd4 28. Qxf8 Rxf8 29. Re8+ Rxe8 30. Bxe8 Bd6
31. b3 Qg7+ 32. Kf1 Qa1+ 33. Kg2 Qxa2 34. Ba4 h5
0-1

[Event "Agarr's Free for All 4"]
[Site "SchemingMind.com"]
[Date "2009.04.24"]
[Round "-"]
[White "MazetaFighter"]
[Black "lemmie"]
[Result "1-0"]
[WhiteCountry "GRE"]
[BlackCountry "NED"]
[WhiteElo "2036"]
[WhiteRD "70"]
[BlackElo "1701"]
[BlackRD "52"]
[GameID "201802"]

1. e4 e5 2. Nf3 Nc6 3. Bb5 a6 4. Ba4 b5 5. Bb3 Bb7 6. O-O Bc5 7. c3 Nf6 8. d4 exd4 9. cxd4 Ba7 10. e5 Ng8
11. Bg5 Nge7 12. d5 Na5 13. d6 cxd6 14. exd6 f6 15. Re1 Bxf3 16. Qxf3 Nxb3 17. axb3 O-O 18. dxe7 Qb6 19. exf8=Q+ Rxf8 20. Qd5+ Kh8
21. Be3
1-0

[Event "Agarr's Free for All 4"]
[Site "SchemingMind.com"]
[Date "2009.04.24"]
[Round "-"]
[White "Darnell"]
[Black "lemmie"]
[Result "1-0"]
[WhiteCountry "CAN"]
[BlackCountry "NED"]
[WhiteElo "1526"]
[WhiteRD "80"]
[BlackElo "1701"]
[BlackRD "52"]
[GameID "201803"]

1. e4 e5 2. Nf3 Nc6 3. Bc4 Bc5 4. b4 Bxb4 5. c3 Ba5 6. Qb3 Qf6 7. O-O Bb6 8. d4 d6 9. Bg5 Qg6 10. Nbd2 Nf6
11. dxe5 dxe5 12. Bb5 Bd7 13. Bxc6 Bxc6 14. Nxe5 Qxg5 15. Qxf7+ Kd8 16. Ndf3 Qh6 17. Qe6 Re8 18. Nf7#
1-0